000 00464nam a22001457a 4500
008 140827b xxu||||| |||| 00| 0 eng d
020 _a0406092540
050 _aKD277.7.L39(1892 vol.1)
245 _aThe Law Reports (1892 vol.1) Queen's Bench Division ./
_cEdited by A.P.Stone
260 _aLondon:
_bButterworth and Co LTD.
_c1892.
300 _axvi,913.:
_c24cm.
440 _pQueen's Bench division.
_vVol.1
800 _aEdited by A.P.Stone
942 _2lcc
_cBK
999 _c3752
_d11252